<?xml version="1.0" encoding="UTF-8"?>
<record
    xmlns:xsi="http://www.w3.org/2001/XMLSchema-instance"
    xsi:schemaLocation="http://www.loc.gov/MARC21/slim http://www.loc.gov/standards/marcxml/schema/MARC21slim.xsd"
    xmlns="http://www.loc.gov/MARC21/slim">

  <leader>00972nam a2200229Ia 4500</leader>
  <controlfield tag="003">IN-BaIIA</controlfield>
  <controlfield tag="008">211028s9999    xx            000 0 eng d</controlfield>
  <datafield tag="020" ind1=" " ind2=" ">
    <subfield code="a">0-7923-4651-3</subfield>
  </datafield>
  <datafield tag="040" ind1=" " ind2=" ">
    <subfield code="c">IIA Library</subfield>
  </datafield>
  <datafield tag="080" ind1=" " ind2=" ">
    <subfield code="a">082.2:52</subfield>
    <subfield code="b">IAU-S189</subfield>
  </datafield>
  <datafield tag="111" ind1=" " ind2=" ">
    <subfield code="a">Symposium of the International Astronomical Union</subfield>
    <subfield code="n">189th</subfield>
    <subfield code="c">Australia</subfield>
    <subfield code="d">1997 Jan. 13-17</subfield>
    <subfield code="9">21422</subfield>
  </datafield>
  <datafield tag="245" ind1=" " ind2="0">
    <subfield code="a">Fundamental stellar properties-the interaction between observation and theory</subfield>
    <subfield code="b">proceedings of the 189th symposium of the IAU held in University of Sydney, Australia, January 13-17, 1997</subfield>
    <subfield code="c">edited by T. R. Bedding, A. T. Booth and A. Davis                                         </subfield>
  </datafield>
  <datafield tag="260" ind1=" " ind2=" ">
    <subfield code="a">Dordrecht</subfield>
    <subfield code="b">Kluwer Academic</subfield>
    <subfield code="c">1997</subfield>
  </datafield>
  <datafield tag="300" ind1=" " ind2=" ">
    <subfield code="a">xxix, 478p.</subfield>
  </datafield>
  <datafield tag="490" ind1=" " ind2=" ">
    <subfield code="a">IAU symposium; no. 189</subfield>
  </datafield>
  <datafield tag="650" ind1=" " ind2=" ">
    <subfield code="a">Stellar properties</subfield>
    <subfield code="9">21423</subfield>
  </datafield>
  <datafield tag="700" ind1=" " ind2=" ">
    <subfield code="a">Bedding, T. R., ed.</subfield>
    <subfield code="9">21424</subfield>
  </datafield>
  <datafield tag="700" ind1=" " ind2=" ">
    <subfield code="a">Booth, A. T., ed.</subfield>
    <subfield code="9">21425</subfield>
  </datafield>
  <datafield tag="700" ind1=" " ind2=" ">
    <subfield code="a">Davis, A., ed.</subfield>
    <subfield code="9">21426</subfield>
  </datafield>
  <datafield tag="710" ind1=" " ind2=" ">
    <subfield code="a">International Astronomical Union</subfield>
  </datafield>
  <datafield tag="942" ind1=" " ind2=" ">
    <subfield code="c">BK</subfield>
  </datafield>
  <datafield tag="999" ind1=" " ind2=" ">
    <subfield code="c">12251</subfield>
    <subfield code="d">12251</subfield>
  </datafield>
  <datafield tag="952" ind1=" " ind2=" ">
    <subfield code="0">0</subfield>
    <subfield code="1">0</subfield>
    <subfield code="4">0</subfield>
    <subfield code="7">0</subfield>
    <subfield code="a">BAN</subfield>
    <subfield code="b">BAN</subfield>
    <subfield code="c">GEN</subfield>
    <subfield code="d">1997-09-23</subfield>
    <subfield code="l">0</subfield>
    <subfield code="o">082.2:52/ IAU-S189</subfield>
    <subfield code="p">13167</subfield>
    <subfield code="r">2021-11-05</subfield>
    <subfield code="w">1997-09-23</subfield>
    <subfield code="y">BK</subfield>
  </datafield>
</record>
